000 00755nam a22002057a 4500
003 JO-AjAnu
005 20251015092541.0
008 251014b jo ||||| |||| 00| 0 ara d
020 _a978-9957-94-306-6
022 _a3124/6/2017
040 _aANU
_cJO-AjAnu
041 _hARA
100 _aالمعاني، سلطان
_eمؤلف
_966830
245 _aموت الكاتب واحياء النص : نقوش عربية شمالية من بادية المفرق الشمالية الشرقية
_c / سلطان المعاني
260 _aعمان :
_bوزارة الثقافة،
_c2021
300 _a292 صفحة
490 _a القراءة للجميع 15
650 _vالنقوش العربية-الأردن-المفرق
942 _2lcc
_cBK
_n0
999 _c34085
_d34085